JANES 1982-83 AVIATION REVIEW SECOND YEAR OF ISSUE (Record no. 580723)
[ view plain ]
| 000 -LEADER | |
|---|---|
| fixed length control field | 00466nam a22001337a 4500 |
| 020 ## - INTERNATIONAL STANDARD BOOK NUMBER | |
| International Standard Book Number | 0-7106-0216-2 |
| 082 ## - DEWEY DECIMAL CLASSIFICATION NUMBER | |
| Classification number | 629.134 JAN'T |
| 100 ## - MAIN ENTRY--PERSONAL NAME | |
| Personal name | TAYLOR, MICHAEL J. H |
| 9 (RLIN) | 75274 |
| 245 ## - TITLE STATEMENT | |
| Title | JANES 1982-83 AVIATION REVIEW SECOND YEAR OF ISSUE |
| 260 ## - PUBLICATION, DISTRIBUTION, ETC. | |
| Place of publication, distribution, etc. | LONDON |
| Name of publisher, distributor, etc. | JANE'S |
| Date of publication, distribution, etc. | 1982 |
| 300 ## - PHYSICAL DESCRIPTION | |
| Extent | 160P |
| 650 ## - SUBJECT ADDED ENTRY--TOPICAL TERM | |
| Topical term or geographic name entry element | THE INCREDIBEL HARRIER WINGS FOR THE 3RD WORLD SPACE THE NEW BATTLEFIELD LAKER POST MORTEN BRIGHT STAR AMERICA AND EGYPT FLY SIDE-BY-SIDE |
| 9 (RLIN) | 75275 |
| 942 ## - ADDED ENTRY ELEMENTS (KOHA) | |
| Koha item type | Book |
| Withdrawn status | Lost status | Damaged status | Not for loan | Permanent Location | Current Location | Shelving location | Date acquired | Total Checkouts | Full call number | Barcode | Date last seen | Price effective from | Koha item type |
|---|---|---|---|---|---|---|---|---|---|---|---|---|---|
| College of Electrical & Mechanical Engineering (CEME) | College of Electrical & Mechanical Engineering (CEME) | General Stacks | 05/17/2017 | 629.134 JAN'T | CEME-15095 | 06/28/2021 | 06/28/2021 | Book |
